000
00276 a2200145 4500
001
160729
020
_a
040
_c
Magnum
100
_a
Jardim Junior, Davi
240
1
0
_a
Orelhinha
_l
por
245
1
0
_a
Orelhinha
362
0
_a
1899
697
_a
I/ANIMAIS
942
_c
BK
999
_c
160729
_d
160729